RICS global commercial property survey (Record no. 114497)
[ view plain ]
| 000 -LEADER | |
|---|---|
| fixed length control field | 01280cad a22002415a 4500 |
| 001 - CONTROL NUMBER | |
| control field | L156930 |
| 008 - FIXED-LENGTH DATA ELEMENTS--GENERAL INFORMATION | |
| fixed length control field | 120731s2012 xxkad f s 000 0 eng d |
| 035 ## - SYSTEM CONTROL NUMBER | |
| System control number | (Sirsi) u156930 |
| 041 0# - LANGUAGE CODE | |
| Language code of text/sound track or separate title | eng |
| 110 2# - MAIN ENTRY--CORPORATE NAME | |
| Corporate name or jurisdiction name as entry element | Royal Institution of Chartered Surveyors |
| Subordinate unit | Economics |
| 9 (RLIN) | 5033 |
| 245 00 - TITLE STATEMENT | |
| Title | RICS global commercial property survey |
| Remainder of title | Q1 2012 |
| Medium | [electronic resource] |
| 260 ## - PUBLICATION, DISTRIBUTION, ETC. | |
| Place of publication, distribution, etc. | London |
| Name of publisher, distributor, etc. | RICS |
| Date of publication, distribution, etc. | 2012 |
| 490 #0 - SERIES STATEMENT | |
| Series statement | RICS Global Commercial Property Survey United Kingdom |
| Volume/sequential designation | Q1 2012 |
| 520 ## - SUMMARY, ETC. | |
| Summary, etc. | Easing in global strains visible in real estate sector. Generally mixed results but Brazil, Russia and Canada see sentiment pick up alongside brighter macro news flow. struggling European economies continue to post negative results across the board. |
| 520 ## - SUMMARY, ETC. | |
| Summary, etc. | Global survey and also a suite of regional commercial property surveys for the Americas; Asia; Europe; India; Oceania; and UAE. |
| 590 ## - LOCAL NOTE (RLIN) | |
| Local note | KA |
| 650 24 - SUBJECT ADDED ENTRY--TOPICAL TERM | |
| Topical term or geographic name entry element | RICS GLOBAL COMMERCIAL PROPERTY SURVEY |
| 651 #4 - SUBJECT ADDED ENTRY--GEOGRAPHIC NAME | |
| Geographic name | International |
| 690 ## - LOCAL SUBJECT ADDED ENTRY--TOPICAL TERM (OCLC, RLIN) | |
| Topical term or geographic name as entry element | Commercial property |
| 9 (RLIN) | 6227 |
| 856 40 - ELECTRONIC LOCATION AND ACCESS | |
| Uniform Resource Identifier | <a href="https://www.rics.org/site/download_feed.aspx?fileID=11883&fileExtension=PDF">https://www.rics.org/site/download_feed.aspx?fileID=11883&fileExtension=PDF</a> |
| Public note | View the survey at www.rics.org |
| 856 40 - ELECTRONIC LOCATION AND ACCESS | |
| Uniform Resource Identifier | <a href="https://www.rics.org/site/scripts/downloads.aspx?categoryID=710">https://www.rics.org/site/scripts/downloads.aspx?categoryID=710</a> |
| Public note | View the regional surveys at www.rics.org |
| 942 ## - ADDED ENTRY ELEMENTS (KOHA) | |
| Suppress in OPAC | 0 |
| Withdrawn status | Lost status | Source of classification or shelving scheme | Damaged status | Not for loan | Home library | Current library | Shelving location | Date acquired | Total Checkouts | Full call number | Barcode | Date last seen | Copy number | Price effective from | Koha item type |
|---|---|---|---|---|---|---|---|---|---|---|---|---|---|---|---|
| Dewey Decimal Classification | Virtual | Virtual | Online | 31/07/2012 | ONLINE PUBLICATION | 156930-2001 | 06/08/2019 | 1 | 06/08/2019 | Book |